| 000 | 01581cam a2200217 4500 | ||
|---|---|---|---|
| 001 | L130643 | ||
| 008 | 050822n2005 000 0 eng u | ||
| 035 | _a(Sirsi) u130643 | ||
| 041 | _aeng | ||
| 110 |
_aOffice of the Deputy Prime Minister _94685 |
||
| 245 | _aEmpty dwelling management orders: consultation on secondary legislation | ||
| 260 |
_aLondon _bODPM _c2005 |
||
| 300 | _a51p | ||
| 490 | _aODPM Consultation Paper | ||
| 520 | _aThis consultation paper on the operation of empty dwelling management orders (EDMOs) sets out how the primary legislation is intended to operate and how secondary legislation is to be implemented. EDMOs will enable local authorities to take over temporary management of longer term unoccupied houses and flats so that they can be let out to tenants. Properties will revert to their owners on an agreed date (or sooner if the owner requires) provided that due notice is given and arrangements to repay any reasonable costs incurred by councils are settled. EDMOs are included in the provisions of the Housing Act 2004 and are designed to operate as a back up to existing local authority services such as leasing arrangements. New powers are expected to come into force by the end of 2005. Responses are required by 14 October 2005. | ||
| 590 | _aIKA300805 | ||
| 650 | _aHOUSING ACT 2004 | ||
| 690 | _aPROPERTY-PROPERTY MANAGEMENT-REGENERATION | ||
| 856 |
_uhttps://www.communities.gov.uk/archived/publications/housing/emptydwellingmanagement2?view=Standard _zView the consultation free of charge at www.dclg.gov.uk... |
||
| 942 | _n0 | ||
| 999 |
_c104500 _d104500 |
||